| 000 | 00540nam a2200181zi 4500 | ||
|---|---|---|---|
| 999 |
_c26403 _d54401 |
||
| 005 | 20171130085324.0 | ||
| 037 |
_aBC_698 71 _fbroch |
||
| 040 |
_aBC-ENSA _bfre |
||
| 041 |
_afre _bfre |
||
| 100 | _aFRIED, Guillaume | ||
| 245 | _aGuide des plantes invasives | ||
| 260 |
_aParis _bBelin _c2012 |
||
| 300 |
_bcouv. ill. en coul., ill. en coul. _a272 p. _c22 cm |
||
| 562 | _e01 exemplaire(s) | ||
| 942 | _c09 | ||
| 490 | _a2342 | ||
| 653 | _aLUTTE BIOLOGIQUE/LUTTE CHIMIQUE/LUTTE INTEGREE/RISQUE/PLANTE NUISIBLE/MAUVAISE HERBE | ||